000 00312nam a22001457a 4500
020 _a81-8204-032-9
082 _a658
_bSIN
100 _aSINGH, R.K
245 _aEVENTS MANAGEMENT
260 _aDELHI
_bAMAN PUBLISHER
_c2014
300 _a286
650 _aEVENT MANAGEMENT
653 _aEVENT
942 _2ddc
_cBK
999 _c8089
_d8089